[Event "Lichtenberger Sommer 2024"]
[Site "Berlin"]
[Date "2024.08.16"]
[Round "7.48"]
[White "Sauer, Jakob"]
[Black "Krüger, Ekkehard"]
[Result "1-0"]
[WhiteElo "1644"]
[BlackElo "1894"]
[PlyCount "145"]
[EventDate "2024.08.10"]
[WhiteTeam "TSG Oberschöneweide e.V."]
[BlackTeam "SG NARVA Berlin e.V."]

1. e4 c6 2. d4 d5 3. e5 Bf5 4. Nf3 e6 5. Bd3 Bxd3 6. Qxd3 Qb6 7. b3 c5 8. c3
Nc6 9. O-O cxd4 10. cxd4 Nb4 11. Qd2 Rc8 12. Nc3 Qa6 13. Rd1 Nh6 14. Bb2 Be7
15. a3 Nc6 16. b4 Qb6 17. Rac1 O-O 18. Na4 Qd8 19. Nc5 b6 20. Nb3 Qd7 21. Qd3
Nb8 22. b5 Rxc1 23. Rxc1 Rc8 24. a4 f5 25. h3 Nf7 26. Qd2 h6 27. Ne1 g5 28. Nd3
Rc4 29. Ra1 Kg7 30. Qd1 Nh8 31. Nd2 Rc7 32. Rc1 Ng6 33. g3 Rxc1 34. Qxc1 a6 35.
Ba3 Bxa3 36. Qxa3 axb5 37. Qb2 Na6 38. Nb1 b4 39. Nxb4 Qxa4 40. Nxa6 Qxa6 41.
Na3 Kf7 42. Nb5 Nf8 43. Nd6+ Kg8 44. Qc3 Qa7 45. Nc8 Qb7 46. Nd6 Qd7 47. Qb4
Qc6 48. Qa3 Qc7 49. Ne8 Qd8 50. Nf6+ Kf7 51. Qa7+ Kg6 52. h4 gxh4 53. gxh4 h5
54. Qb7 b5 55. Qxb5 Nh7 56. Qc6 Nxf6 57. Qxe6 Kg7 58. exf6+ Qxf6 59. Qxd5 Kh6
60. Qe5 Qxh4 61. Qe6+ Kg7 62. Qxf5 Qxd4 63. Qxh5 Qa1+ 64. Kg2 Qf6 65. Kg3 Qg6+
66. Qxg6+ Kxg6 67. Kf4 Kf6 68. f3 Kf7 69. Kf5 Ke7 70. Kg6 Ke6 71. f4 Ke7 72. f5
Kf8 73. Kf6 1-0

[Event "Lichtenberger Sommer 2024"]
[Site "Berlin"]
[Date "2024.08.16"]
[Round "7.49"]
[White "Runge, David Pascal"]
[Black "Matiashvili, Alexander Michael"]
[Result "0-1"]
[WhiteElo "1448"]
[BlackElo "1892"]
[PlyCount "70"]
[EventDate "2024.08.10"]
[WhiteTeam "SG Lasker Steglitz"]
[BlackTeam "SV Königsjäger Süd-West e.V."]

1. e4 e5 2. Nf3 Nc6 3. Bc4 Nf6 4. d3 Bc5 5. c3 d6 6. O-O h6 7. Nbd2 a6 8. a4
Ba7 9. Re1 O-O 10. h3 Ne7 11. d4 Ng6 12. Nf1 exd4 13. cxd4 Nxe4 14. Bxf7+ Rxf7
15. Rxe4 Bf5 16. Re1 Qf6 17. N1h2 d5 18. Be3 c6 19. b4 Bb8 20. b5 axb5 21. axb5
Bxh2+ 22. Nxh2 Rxa1 23. Qxa1 cxb5 24. Qa8+ Kh7 25. Rc1 Nh4 26. Qa2 Qg6 27. g4
Be4 28. Nf1 Nf3+ 29. Kh1 Nxd4+ 30. Kh2 Nf3+ 31. Kh1 d4 32. Bxd4 Nxd4+ 33. Kg1
Bd5 34. Qb2 Qe4 35. f3 Nxf3+ 0-1

[Event "Lichtenberger Sommer 2024"]
[Site "Berlin"]
[Date "2024.08.16"]
[Round "7.50"]
[White "Lorenz, Veronika"]
[Black "Teusch, Lucas"]
[Result "1/2-1/2"]
[WhiteElo "1884"]
[BlackElo "1776"]
[PlyCount "71"]
[EventDate "2024.08.10"]
[WhiteTeam "TSG Oberschöneweide e.V."]
[BlackTeam "Leegebrucher SF"]

1. e4 c6 2. d4 d5 3. exd5 cxd5 4. c4 Nf6 5. Nc3 g6 6. cxd5 Nxd5 7. Bc4 Nb6 8.
Bb3 Bg7 9. Nf3 O-O 10. O-O Bg4 11. Re1 Nc6 12. d5 Nd4 13. Bg5 Re8 14. Re4 Bxf3
15. gxf3 Nxb3 16. axb3 Bxc3 17. bxc3 Qxd5 18. Qxd5 Nxd5 19. c4 f5 20. Re5 Nf6
21. Bxf6 exf6 22. Rxe8+ Rxe8 23. Rxa7 Re7 24. c5 Kf7 25. b4 Ke8 26. Kg2 Kd8 27.
b5 Kc7 28. f4 Kb8 29. Ra4 Rc7 30. Rc4 Kc8 31. Kf3 Kd7 32. Ke3 Ke6 33. Kd4 Rd7+
34. Kc3 Rc7 35. Kb4 Kd5 36. f3 1/2-1/2

[Event "Lichtenberger Sommer 2024"]
[Site "Berlin"]
[Date "2024.08.16"]
[Round "7.51"]
[White "Oppermann, Peter"]
[Black "Ali, Maha"]
[Result "1-0"]
[WhiteElo "1872"]
[BlackElo "1527"]
[PlyCount "57"]
[EventDate "2024.08.10"]
[WhiteTeam "SK Bad Harzburg"]
[BlackTeam "SC Kreuzberg e.V."]

1. d4 d5 2. Nf3 Nf6 3. e3 e6 4. Bd3 Bd6 5. b3 Nbd7 6. Bb2 b6 7. Nbd2 Bb7 8. O-O
O-O 9. Ne5 Ne4 10. c4 Nxd2 11. Qxd2 dxc4 12. Nxc4 Be7 13. Qe2 Bf6 14. e4 c5 15.
e5 Be7 16. Rad1 Qc7 17. dxc5 Nxc5 18. Bc2 Qc6 19. f3 Rfd8 20. Kh1 Rac8 21. Ba3
Bf8 22. Rd2 Rxd2 23. Qxd2 Qd5 24. Qe2 Ba6 25. Rd1 Bxc4 26. bxc4 Qc6 27. Rd4 Qc7
28. Bb2 Nd7 29. Qd3 1-0

[Event "Lichtenberger Sommer 2024"]
[Site "Berlin"]
[Date "2024.08.16"]
[Round "7.52"]
[White "Cox, Johannes"]
[Black "Kohlmeyer, Dagobert"]
[Result "1-0"]
[WhiteElo "1400"]
[BlackElo "1872"]
[PlyCount "165"]
[EventDate "2024.08.10"]
[WhiteTeam "vereinslos"]
[BlackTeam "SG Weißensee 49 e.V."]

1. d4 Nf6 2. c4 g6 3. g3 e6 4. Bg2 Bg7 5. Nf3 O-O 6. O-O d5 7. cxd5 exd5 8. Nc3
Be6 9. Bf4 c6 10. Qc1 h5 11. e3 Qc8 12. b4 Bh3 13. a4 Bxg2 14. Kxg2 a6 15. h4
Ng4 16. b5 Qe6 17. Qd2 Re8 18. bxc6 Qxc6 19. Rfc1 Qd7 20. a5 Bh6 21. Bxh6 Nxh6
22. Na4 Qf5 23. Nb6 Ra7 24. Rc7 Nc6 25. Rd7 Rd8 26. Ne5 Rxd7 27. Nexd7 Qe6 28.
Nc5 Qe8 29. e4 Kg7 30. exd5 Nd8 31. Re1 Qf8 32. Qf4 Nf5 33. Re4 Qd6 34. Re8
Qxf4 35. gxf4 Nc6 36. dxc6 bxc6 37. d5 cxd5 38. Nxd5 Nxh4+ 39. Kf1 Nf5 40. Rb8
Nd4 41. Rb6 Ra8 42. Rxa6 Rd8 43. Ne3 h4 44. Ne4 h3 45. Rd6 h2 46. Kg2 Rh8 47.
Ng3 Ne2 48. Rd1 Nxf4+ 49. Kh1 Nh3 50. Rd2 Nf4 51. Ng4 Ra8 52. Ra2 f5 53. Nxh2
Ra6 54. Nf3 Nd5 55. Nd2 Kf6 56. Kg2 Ke5 57. Kf3 Nb4 58. Ra4 Nd5 59. Ne2 g5 60.
Nc4+ Kf6 61. Nd4 g4+ 62. Kg3 Kg5 63. Ne2 f4+ 64. Kh2 f3 65. Ng3 Rh6+ 66. Kg1
Ra6 67. Ne3 Nc3 68. Rxg4+ Kh6 69. Rh4+ Kg6 70. Rh5 Ne2+ 71. Kh2 Nxg3 72. Rb5
Ne4 73. Rb6+ Rxb6 74. axb6 Nc5 75. Kg3 Kf7 76. Kxf3 Ke6 77. Kg4 Kd7 78. f4 Kc6
79. Nc4 Kb5 80. f5 Kxc4 81. f6 Kb5 82. b7 Nxb7 83. f7 1-0

[Event "Lichtenberger Sommer 2024"]
[Site "Berlin"]
[Date "2024.08.16"]
[Round "7.53"]
[White "Grassnickel, Lutz"]
[Black "Shvedchikov, Sergei"]
[Result "0-1"]
[WhiteElo "1757"]
[BlackElo "1993"]
[PlyCount "36"]
[EventDate "2024.08.10"]
[WhiteTeam "Schach Nienberge 2003 e. V."]
[BlackTeam "vereinslos"]

1. e4 c6 2. d4 d5 3. e5 c5 4. dxc5 e6 5. Be3 Qc7 6. Qd4 Ne7 7. b4 a5 8. c3 Bd7
9. Na3 Nf5 10. Nb5 Bxb5 11. Bxb5+ Nc6 12. Qf4 g5 13. Qxg5 Qxe5 14. Kd2 Bh6 15.
Nf3 Qe4 16. Bd3 Bxg5 17. Bxe4 Bxe3+ 18. fxe3 dxe4 0-1

[Event "Lichtenberger Sommer 2024"]
[Site "Berlin"]
[Date "2024.08.16"]
[Round "7.54"]
[White "Maxin, Falko"]
[Black "Beran, Rolf-Dietrich"]
[Result "0-1"]
[WhiteElo "1755"]
[BlackElo "1957"]
[PlyCount "124"]
[EventDate "2024.08.10"]
[WhiteTeam "TSG Oberschöneweide e.V."]
[BlackTeam "SG Rot-Weiß Neuenhagen"]

1. d4 c5 2. d5 d6 3. Nc3 g6 4. e4 Bg7 5. Nf3 Nf6 6. Bc4 O-O 7. O-O Bg4 8. h3
Bxf3 9. Qxf3 Nbd7 10. Be2 a6 11. a4 Rb8 12. Bd2 Qc7 13. b3 Ne8 14. g4 Qc8 15.
Rac1 Nc7 16. Bg5 Qe8 17. Qe3 b5 18. axb5 axb5 19. Bh6 e6 20. Bxg7 Kxg7 21. dxe6
fxe6 22. Qg3 Ne5 23. Rcd1 Qe7 24. Rd2 Nf7 25. Rfd1 b4 26. Na4 Rfd8 27. f4 d5
28. exd5 exd5 29. Bf1 d4 30. Bc4 Nd5 31. Bxd5 Rxd5 32. Re1 Qd6 33. Rde2 d3 34.
cxd3 Rxd3 35. Qf2 Rxb3 36. Nxc5 Rc3 37. Ne6+ Kg8 38. Rd2 Qb6 39. Nd4 Rd8 40.
Red1 Qa7 41. Kh2 Re8 42. Re1 Rec8 43. Qe2 Qa3 44. Qg2 Re3 45. Rde2 Rce8 46.
Rxe3 Rxe3 47. Rxe3 Qxe3 48. Qa8+ Kg7 49. Qa1 Qxf4+ 50. Kg2 Qe5 51. g5 Qxg5+ 52.
Kf2 Qe5 53. h4 Kf6 54. Qa6+ Kg7 55. Ne6+ Kh6 56. Qc4 Nd6 57. Qc1+ Kh5 58. Ng7+
Kxh4 59. Qh1+ Kg5 60. Qg1+ Kf6 61. Qg2 Kxg7 62. Qc6 Qc5+ 0-1

[Event "Lichtenberger Sommer 2024"]
[Site "Berlin"]
[Date "2024.08.16"]
[Round "7.55"]
[White "Reiche, Andreas"]
[Black "Fiedler, Ronald"]
[Result "1-0"]
[WhiteElo "1939"]
[BlackElo "1736"]
[PlyCount "69"]
[EventDate "2024.08.10"]
[WhiteTeam "SV Berolina Mitte e.V."]
[BlackTeam "SVG Läufer Reinickendorf e.V."]

1. e4 c5 2. Nf3 e6 3. c4 d5 4. cxd5 exd5 5. exd5 Qxd5 6. Nc3 Qe6+ 7. Be2 Be7 8.
O-O Bd7 9. d4 cxd4 10. Nxd4 Qd6 11. Re1 Nf6 12. Bf3 Nc6 13. Ncb5 Qb8 14. Nxc6
Bxc6 15. Nd6+ Kf8 16. Bxc6 Bxd6 17. Bf3 Qc7 18. g3 Rd8 19. Qa4 a6 20. Bg5 Qc5
21. Bxf6 gxf6 22. Bxb7 a5 23. Rac1 Qb4 24. Qxb4 Bxb4 25. Re4 f5 26. Re5 Kg7 27.
Rxf5 Rd7 28. Bg2 Rhd8 29. a3 Rd1+ 30. Rxd1 Rxd1+ 31. Bf1 Bd2 32. Rd5 Kf6 33.
Kg2 Ke6 34. Rd3 Ke5 35. Be2 1-0

[Event "Lichtenberger Sommer 2024"]
[Site "Berlin"]
[Date "2024.08.16"]
[Round "7.56"]
[White "Schmidt, Dietrich"]
[Black "Reißmann, Edmund"]
[Result "1-0"]
[WhiteElo "1932"]
[BlackElo "1720"]
[PlyCount "53"]
[EventDate "2024.08.10"]
[WhiteTeam "SV Empor Berlin e.V."]
[BlackTeam "SV Erzgebirge Stollberg"]

1. e4 c6 2. d4 d5 3. exd5 cxd5 4. c4 dxc4 5. Bxc4 e6 6. Nf3 Nf6 7. O-O Be7 8.
Qe2 O-O 9. Rd1 Nc6 10. Nc3 Qc7 11. Nb5 Qd8 12. Bf4 a6 13. Nc3 Re8 14. d5 exd5
15. Nxd5 Nxd5 16. Bxd5 Qb6 17. Bd6 Qd8 18. Bxc6 bxc6 19. Bxe7 Bg4 20. Rxd8
Raxd8 21. Bxd8 Rxe2 22. Rb1 Bf5 23. Re1 Bd3 24. Rxe2 Bxe2 25. Nd4 Bb5 26. Nxb5
cxb5 27. f3 1-0

[Event "Lichtenberger Sommer 2024"]
[Site "Berlin"]
[Date "2024.08.16"]
[Round "7.57"]
[White "Zesewitz, Marco"]
[Black "Lieder, Guenter"]
[Result "0-1"]
[WhiteElo "1689"]
[BlackElo "1878"]
[PlyCount "153"]
[EventDate "2024.08.10"]
[WhiteTeam "SV SF Friedrichshagen"]
[BlackTeam "SG WiHeil"]

1. e4 c5 2. Nc3 Nc6 3. f4 d6 4. Nf3 e6 5. Bb5 Bd7 6. O-O a6 7. Bxc6 Bxc6 8. d3
b5 9. e5 Ne7 10. exd6 Qxd6 11. Qe2 Nf5 12. Ne4 Qc7 13. g4 Nh6 14. Ne5 Be7 15.
Nxc6 Qxc6 16. Qf3 Rc8 17. f5 exf5 18. gxf5 Ng8 19. Qg4 Kf8 20. f6 Bxf6 21. Nxf6
gxf6 22. Bd2 h5 23. Qf5 Ne7 24. Qf3 Qxf3 25. Rxf3 Rc6 26. Raf1 f5 27. c4 b4 28.
Ra1 Rg8+ 29. Kf2 Rg4 30. b3 h4 31. h3 Rd4 32. Be3 Rxd3 33. Bh6+ Rxh6 34. Rxd3
Ng6 35. Rd6 Rh5 36. Rxa6 Nf4 37. Rh1 Rg5 38. Kf3 Nd3 39. Ke2 Rg3 40. Kd2 Nf4
41. Rc6 Ne6 42. Rh2 f4 43. Rd6 Ke7 44. Rd3 Rg1 45. Ke2 Kf6 46. Rf2 Kf5 47. Rf1
Rg7 48. Kd1 Nd4 49. Rxd4 cxd4 50. c5 f6 51. Kd2 Rc7 52. Rc1 Ke4 53. Rc4 f3 54.
Rxb4 Rxc5 55. a4 Rg5 56. Rb8 Rg2+ 57. Ke1 Kf4 58. Rf8 f5 59. a5 Rb2 60. a6 Ra2
61. Rf6 Kg3 62. Rxf5 Rxa6 63. Rg5+ Kxh3 64. Kf2 Rb6 65. b4 Rxb4 66. Kxf3 Rb3+
67. Ke2 Kh2 68. Rg4 d3+ 69. Kd2 h3 70. Ke3 Kh1 71. Kd2 h2 72. Ke3 Rb2 73. Kxd3
Rg2 74. Re4 Kg1 75. Re1+ Kf2 76. Re2+ Kf1 77. Ra2 0-1

[Event "Lichtenberger Sommer 2024"]
[Site "Berlin"]
[Date "2024.08.16"]
[Round "7.58"]
[White "Varazi, Maxime"]
[Black "Fiß, Wolfgang"]
[Result "1/2-1/2"]
[WhiteElo "1689"]
[BlackElo "1876"]
[PlyCount "48"]
[EventDate "2024.08.10"]
[WhiteTeam "SV Empor Berlin e.V."]
[BlackTeam "SC Oranienburg e.V."]

1. e4 e6 2. d4 d5 3. Nd2 dxe4 4. Nxe4 Nd7 5. Nf3 Ngf6 6. Nxf6+ Nxf6 7. g3 Bd7
8. Bg2 Bc6 9. O-O Be7 10. c4 O-O 11. b3 Rb8 12. Bb2 a6 13. Rc1 b6 14. Re1 Bb4
15. Re2 Ba8 16. Qc2 c5 17. a3 Ba5 18. Rd1 Qc8 19. dxc5 bxc5 20. Ng5 h6 21. Bxa8
hxg5 22. Bxf6 gxf6 23. Bf3 Rd8 24. Rf1 Rd4 1/2-1/2

[Event "Lichtenberger Sommer 2024"]
[Site "Berlin"]
[Date "2024.08.16"]
[Round "7.59"]
[White "Albrecht, Constantin"]
[Black "Thümler, Floris"]
[Result "0-1"]
[WhiteElo "1667"]
[BlackElo "1874"]
[PlyCount "128"]
[EventDate "2024.08.10"]
[WhiteTeam "SV Empor Berlin e.V."]
[BlackTeam "SV Königsjäger Süd-West e.V."]

1. f4 d5 2. Nf3 g6 3. e3 Bg7 4. Be2 c5 5. O-O Nf6 6. Ne5 Nbd7 7. d4 O-O 8. Nd2
cxd4 9. exd4 Qb6 10. c3 Nxe5 11. fxe5 Nd7 12. Kh1 f6 13. exf6 Nxf6 14. Nf3 Ne4
15. Qe1 Bd7 16. Bd3 Bf5 17. Bxe4 Bxe4 18. Ng5 Rxf1+ 19. Qxf1 Rf8 20. Qe2 Qf6
21. Be3 Qf5 22. Nxe4 Qxe4 23. Re1 Bh6 24. Kg1 Bxe3+ 25. Qxe3 Qf5 26. Qe6+ Qxe6
27. Rxe6 Kf7 28. Re5 e6 29. Kf2 Ke7+ 30. Ke2 Kd6 31. Re3 Rf7 32. h3 Ke7 33. Rf3
Rxf3 34. Kxf3 Kf6 35. Kf4 g5+ 36. Kg4 Kg6 37. g3 h5+ 38. Kf3 Kf5 39. a4 g4+ 40.
hxg4+ hxg4+ 41. Ke3 b6 42. b3 e5 43. c4 Ke6 44. dxe5 dxc4 45. bxc4 Kxe5 46. Kd3
Kd6 47. Ke4 Kc5 48. Kf4 Kxc4 49. Kxg4 Kb4 50. Kf3 Kxa4 51. g4 b5 52. g5 b4 53.
g6 b3 54. g7 b2 55. g8=Q b1=Q 56. Qc4+ Qb4 57. Qa6+ Qa5 58. Qc6+ Qb5 59. Qe4+
Qb4 60. Qc6+ Kb3 61. Qd5+ Qc4 62. Qd1+ Kb2 63. Qd2+ Qc2 64. Qd5 Qb3+ 0-1

[Event "Lichtenberger Sommer 2024"]
[Site "Berlin"]
[Date "2024.08.16"]
[Round "7.60"]
[White "Manthe, Joern Horst"]
[Black "Bashirova, Sona"]
[Result "0-1"]
[WhiteElo "1437"]
[BlackElo "1652"]
[PlyCount "56"]
[EventDate "2024.08.10"]
[WhiteTeam "vereinslos"]
[BlackTeam "SV Empor Berlin e.V."]

1. e4 c5 2. c4 Nc6 3. Nf3 d6 4. Nc3 Nf6 5. h3 g6 6. a3 Bg7 7. Be2 b6 8. b3 Bb7
9. Bb2 e5 10. Qc2 Nd4 11. Nxd4 exd4 12. Nd5 Nxd5 13. cxd5 a6 14. Bf3 Qe7 15. d3
Bxd5 16. O-O-O Be6 17. g4 Ra7 18. Kb1 Rc7 19. Rc1 b5 20. h4 c4 21. dxc4 bxc4
22. bxc4 Rxc4 23. Qd3 Ra4 24. Bd1 Ra5 25. f4 O-O 26. g5 Rb8 27. Rh2 Rab5 28.
Rhc2 Qb7 0-1

[Event "Lichtenberger Sommer 2024"]
[Site "Berlin"]
[Date "2024.08.16"]
[Round "7.61"]
[White "Skowronski, Peter"]
[Black "Schmidt, Alexander Nadvid"]
[Result "1-0"]
[WhiteElo "1863"]
[BlackElo "1683"]
[PlyCount "27"]
[EventDate "2024.08.10"]
[WhiteTeam "vereinslos"]
[BlackTeam "SK Zehlendorf e.V."]

1. d4 d5 2. Nf3 Nf6 3. e3 c5 4. c3 Bg4 5. Qb3 Bxf3 6. Qxb7 Be4 7. Qxa8 Qb6 8.
dxc5 Qc7 9. c6 d4 10. Qb7 Qd6 11. exd4 Bxc6 12. Bb5 Qe6+ 13. Be3 Ng4 14. Qxb8+
1-0

[Event "Lichtenberger Sommer 2024"]
[Site "Berlin"]
[Date "2024.08.16"]
[Round "7.62"]
[White "Kapr, Klaus"]
[Black "Siebert, Marco Leander"]
[Result "1-0"]
[WhiteElo "1862"]
[BlackElo "1683"]
[PlyCount "61"]
[EventDate "2024.08.10"]
[WhiteTeam "SC Friesen Lichtenberg e.V."]
[BlackTeam "SC Tempo Göttingen"]

1. e4 c5 2. Nf3 d6 3. d4 cxd4 4. Nxd4 Nf6 5. Nc3 a6 6. g3 e5 7. Nde2 Be6 8. Bg2
Be7 9. O-O O-O 10. h3 Nbd7 11. b3 Nb6 12. Bb2 Qc7 13. Nd5 Nbxd5 14. exd5 Bf5
15. g4 Bg6 16. c4 Nd7 17. Qd2 f5 18. f4 h6 19. Kh1 Rae8 20. Rad1 Bh4 21. fxe5
Nxe5 22. Nd4 Qd7 23. Ne6 Rf6 24. Qe2 Bg3 25. c5 fxg4 26. Rxf6 gxf6 27. Bxe5
Bxe5 28. Qxg4 Qf7 29. Nf4 Kh7 30. Nxg6 Qxg6 31. Be4 1-0

[Event "Lichtenberger Sommer 2024"]
[Site "Berlin"]
[Date "2024.08.16"]
[Round "7.63"]
[White "Bradschetl, Tom"]
[Black "Andersen, Guttorm"]
[Result "1-0"]
[WhiteElo "1662"]
[BlackElo "1835"]
[PlyCount "123"]
[EventDate "2024.08.10"]
[WhiteTeam "SG NARVA Berlin e.V."]
[BlackTeam "SK Stjernen"]

1. e4 d5 2. exd5 Nf6 3. Nc3 Nxd5 4. Bc4 e6 5. d3 Be7 6. f4 Nc6 7. Nf3 O-O 8.
Bd2 a6 9. a4 Qd6 10. Ne4 Qd8 11. O-O Nf6 12. Nf2 b6 13. Ne5 Nxe5 14. fxe5 Ne8
15. Qf3 Rb8 16. Qh3 Qd4 17. Bc3 Qh4 18. b4 Qxh3 19. Nxh3 Bb7 20. Bd2 c5 21. b5
a5 22. Ng5 Nc7 23. Rae1 Rbd8 24. Ne4 Bd5 25. Rf3 Bxc4 26. dxc4 Rd4 27. Rc3 Rfd8
28. Bc1 h6 29. Nf2 f6 30. Be3 R4d7 31. exf6 Bxf6 32. Rd3 Bd4 33. Bxd4 cxd4 34.
Rf3 Rf7 35. Nd3 Rxf3 36. gxf3 Kf7 37. Re4 Kf6 38. Ne5 Rd6 39. Nc6 d3 40. cxd3
Rxd3 41. Kf2 g5 42. Re3 Rd2+ 43. Re2 Rd1 44. Ne5 Rd4 45. Ng4+ Kg7 46. Re4 Rd2+
47. Kg3 h5 48. Ne5 Kf6 49. h4 gxh4+ 50. Kxh4 Kf5 51. Nc6 Rd3 52. Kg3 Rd6 53.
Re5+ Kg6 54. Kh4 Rd3 55. Rxe6+ Kf5 56. Re5+ Kf6 57. f4 Ne6 58. Rxh5 Nxf4 59.
Rh6+ Ng6+ 60. Rxg6+ Kxg6 61. Ne5+ Kf5 62. Nxd3 1-0

[Event "Lichtenberger Sommer 2024"]
[Site "Berlin"]
[Date "2024.08.16"]
[Round "7.64"]
[White "Berndt, Ronson"]
[Black "Schulz-Vernholz, Daniel"]
[Result "0-1"]
[WhiteElo "1813"]
[BlackElo "1400"]
[PlyCount "138"]
[EventDate "2024.08.10"]
[WhiteTeam "SC Borussia Lichtenberg"]
[BlackTeam "vereinslos"]

1. d4 f5 2. c4 Nf6 3. Nf3 e6 4. a3 b6 5. Nc3 Bb7 6. e3 Be7 7. Be2 O-O 8. b3 Ne4
9. Bb2 d6 10. Nxe4 fxe4 11. Nd2 d5 12. Qc2 Nd7 13. O-O-O Rxf2 14. Bg4 Nf8 15.
Bh3 Bg5 16. Qc3 Qe7 17. Rdf1 Rxf1+ 18. Rxf1 Rc8 19. cxd5 Bxd5 20. Kb1 c5 21.
Re1 Rc7 22. dxc5 Rxc5 23. Qb4 Qb7 24. Bd4 Rc6 25. Rf1 Be7 26. Qa4 b5 27. Qxa7
Qxa7 28. Bxa7 Ra6 29. Bd4 Rxa3 30. Kb2 Ra8 31. g3 Ng6 32. Bg2 e5 33. Nxe4 Rd8
34. Bb6 Bxe4 35. Bxe4 Rd2+ 36. Kc3 Rxh2 37. Bxg6 hxg6 38. Bc7 Rh5 39. g4 Rh3
40. Kd3 Bg5 41. Re1 Bf6 42. Rg1 g5 43. Ke4 Kf7 44. Bb6 Ke6 45. Ba5 Rh2 46. Bc3
Rc2 47. Kd3 Ra2 48. e4 Kd7 49. b4 Ke6 50. Bd2 Be7 51. Bc3 Ra3 52. Rb1 Ra2 53.
Rg1 Ra3 54. Rb1 g6 55. Rb2 Ra1 56. Rg2 Rb1 57. Kc2 Rf1 58. Kd3 Rf3+ 59. Kd2 Bd8
60. Bb2 Bb6 61. Re2 Rg3 62. Kc2 Rxg4 63. Bc1 Bd8 64. Kd3 Be7 65. Bd2 Rg1 66.
Re1 Rg4 67. Re2 Rh4 68. Rg2 Rh3+ 69. Be3 Bxb4 0-1

[Event "Lichtenberger Sommer 2024"]
[Site "Berlin"]
[Date "2024.08.16"]
[Round "7.65"]
[White "Jozsa, Lev"]
[Black "Ollhoff, Hannes"]
[Result "1-0"]
[WhiteElo "1505"]
[BlackElo "1802"]
[PlyCount "113"]
[EventDate "2024.08.10"]
[WhiteTeam "SV Empor Berlin e.V."]
[BlackTeam "TSG Oberschöneweide e.V."]

1. e4 e6 2. d4 d5 3. exd5 exd5 4. Nf3 Bd6 5. Bd3 Ne7 6. c3 Nbc6 7. Be3 Bf5 8.
O-O Qd7 9. Re1 O-O 10. Be2 Rae8 11. Nbd2 Ng6 12. Nf1 Nf4 13. Ng3 Nxe2+ 14. Nxe2
f6 15. Ng3 Na5 16. Nxf5 Qxf5 17. b3 Nc6 18. Rc1 Ne7 19. Rc2 Qd7 20. Rce2 Ng6
21. Bc1 Re7 22. Bd2 Rfe8 23. Rxe7 Rxe7 24. Rxe7 Qxe7 25. Qe1 Kf7 26. Kf1 a5 27.
Qxe7+ Nxe7 28. c4 dxc4 29. bxc4 Bb4 30. Ke2 Ke6 31. a3 Bxd2 32. Kxd2 c6 33. a4
Nc8 34. Kc3 Nb6 35. Kb3 Kf5 36. Nd2 h5 37. c5 Nd7 38. Nc4 Ke4 39. Kc3 Nf8 40.
Nd6+ Kd5 41. Nxb7 Ne6 42. Nxa5 Nxd4 43. Nb7 h4 44. Kb4 g5 45. Ka5 f5 46. Kb6 g4
47. a5 f4 48. g3 fxg3 49. fxg3 hxg3 50. hxg3 Ke4 51. a6 Nb5 52. Nd6+ Kf3 53.
Nxb5 Kxg3 54. a7 Kf2 55. a8=Q g3 56. Qxc6 g2 57. Qxg2+ 1-0

[Event "Lichtenberger Sommer 2024"]
[Site "Berlin"]
[Date "2024.08.16"]
[Round "7.66"]
[White "Arikan, Yanki"]
[Black "Mazurtsova, Margarita"]
[Result "1-0"]
[WhiteElo "1573"]
[BlackElo "1792"]
[PlyCount "55"]
[EventDate "2024.08.10"]
[WhiteTeam "vereinslos"]
[BlackTeam "SC Kreuzberg e.V."]

1. e4 e6 2. d4 d5 3. Nd2 c5 4. exd5 exd5 5. Bb5+ Bd7 6. Bxd7+ Nxd7 7. Ngf3 Ngf6
8. O-O Be7 9. Re1 O-O 10. c3 h6 11. Nf1 cxd4 12. Nxd4 Ne4 13. Ne3 Ndf6 14. Ndf5
Bc5 15. h3 Qd7 16. Nd4 Rfe8 17. Nef5 Kh8 18. Be3 a6 19. Qf3 Rad8 20. g4 Kh7 21.
Kh1 g5 22. Rac1 Qc7 23. Kg2 Kg6 24. h4 Rh8 25. Rh1 Qc8 26. Qh3 Rde8 27. hxg5
Nxg5 28. Qxh6+ 1-0

[Event "Lichtenberger Sommer 2024"]
[Site "Berlin"]
[Date "2024.08.16"]
[Round "7.67"]
[White "Stein, Siegfried"]
[Black "Eroglu, Ilgin Deniz"]
[Result "0-1"]
[WhiteElo "1783"]
[BlackElo "1472"]
[PlyCount "108"]
[EventDate "2024.08.10"]
[WhiteTeam "SV Berolina Mitte e.V."]
[BlackTeam "Sampiyon Mersin"]

1. e4 c5 2. Nf3 Nc6 3. c3 d5 4. exd5 Qxd5 5. d4 Bf5 6. Be2 cxd4 7. cxd4 Bxb1 8.
Rxb1 e6 9. O-O Nf6 10. b3 Be7 11. Bc4 Qd6 12. Bb2 O-O 13. Qe2 Rfd8 14. Rbd1 Nd5
15. g3 a6 16. a4 Ncb4 17. Rfe1 Rac8 18. Ne5 b5 19. axb5 axb5 20. Bd3 Nxd3 21.
Qxd3 b4 22. Qf3 Bf6 23. Nd3 Qb8 24. Ra1 Nb6 25. Ne5 Bxe5 26. dxe5 Nd5 27. Rec1
Rd7 28. Rxc8+ Qxc8 29. Kg2 Rc7 30. Bd4 h6 31. Ra4 Qb7 32. Ra7 Qc6 33. Ra2 Nc3
34. Ra8+ Kh7 35. Qxc6 Rxc6 36. Ra5 Rc7 37. Bc5 Rb7 38. Bd6 Kg6 39. f4 h5 40.
Kf3 Kf5 41. h3 Nb1 42. g4+ hxg4+ 43. hxg4+ Kg6 44. Ke3 Nc3 45. Kd3 Kh6 46. Ra1
Nd5 47. Ke4 g6 48. Bf8+ Kh7 49. g5 Rc7 50. Bd6 Rc3 51. Bf8 Rxb3 52. Ra7 Re3+
53. Kd4 Rf3 54. Bh6 Rxf4+ 0-1

[Event "Lichtenberger Sommer 2024"]
[Site "Berlin"]
[Date "2024.08.16"]
[Round "7.69"]
[White "Kellner, Rene"]
[Black "Bandsom, Olaf"]
[Result "0-1"]
[WhiteElo "1734"]
[BlackElo "1876"]
[PlyCount "101"]
[EventDate "2024.08.10"]
[WhiteTeam "Potsdamer SV Mitte e.V."]
[BlackTeam "SC Friesen Lichtenberg e.V."]

1. c4 e5 2. Nc3 Nf6 3. g3 c6 4. e4 Bc5 5. Bg2 d6 6. Nge2 Be6 7. d3 O-O 8. O-O
Nfd7 9. Be3 Bxe3 10. fxe3 Qg5 11. Qc1 Nb6 12. b3 N8d7 13. d4 exd4 14. exd4 Qxc1
15. Raxc1 Bg4 16. Rf4 Bxe2 17. Nxe2 f6 18. Bh3 Rad8 19. Rd1 Rfe8 20. Nc3 Nf8
21. d5 cxd5 22. exd5 a6 23. Re4 Nbd7 24. Be6+ Kh8 25. Rde1 Ne5 26. Bh3 Nf3+ 27.
Kf2 Nxe1 28. Rxe1 Rxe1 29. Kxe1 Ng6 30. Ne4 Re8 31. Be6 Rd8 32. c5 dxc5 33.
Nxc5 Re8 34. Nxb7 h6 35. Kf2 Nf8 36. Nd6 Re7 37. Nf7+ Kh7 38. Nd8 Nxe6 39. dxe6
Re8 40. e7 Rxe7 41. Nc6 Rc7 42. Nd4 Kg6 43. Ke3 f5 44. Kf4 Rc5 45. h4 Kf6 46.
g4 g5+ 47. hxg5+ hxg5+ 48. Kf3 Rc3+ 49. Kf2 f4 50. Ke2 Ke5 51. Nf3+ 0-1

[Event "Lichtenberger Sommer 2024"]
[Site "Berlin"]
[Date "2024.08.16"]
[Round "7.70"]
[White "Kandeler, Christian"]
[Black "Ruddat, Mathias"]
[Result "0-1"]
[WhiteElo "1869"]
[BlackElo "1744"]
[PlyCount "78"]
[EventDate "2024.08.10"]
[WhiteTeam "TSG Oberschöneweide e.V."]
[BlackTeam "TSG Oberschöneweide e.V."]

1. e4 c5 2. c3 Nc6 3. d4 cxd4 4. cxd4 d5 5. exd5 Qxd5 6. Nf3 Nf6 7. Nc3 Qd8 8.
d5 Nb8 9. Bb5+ Bd7 10. O-O Bxb5 11. Nxb5 a6 12. Nc3 g6 13. Re1 Bg7 14. Be3 O-O
15. Qb3 b5 16. Re2 Nbd7 17. Rae1 Re8 18. Bd4 Bf8 19. Ne4 Nxe4 20. Rxe4 Nb6 21.
Bxb6 Qxb6 22. Ne5 Ra7 23. Qf3 f6 24. Nc6 Rd7 25. Qh3 f5 26. Re6 Qc5 27. Qb3
Qxd5 28. Qxd5 Rxd5 29. Nb4 Rd2 30. Nxa6 Rxb2 31. Nc7 Rd8 32. h4 Rdd2 33. Rf1
Kf7 34. Rb6 b4 35. Na6 e6 36. Rb7+ Kf6 37. Rxh7 Rxa2 38. Nxb4 Bxb4 39. Rc7 Bd6
0-1

[Event "Lichtenberger Sommer 2024"]
[Site "Berlin"]
[Date "2024.08.16"]
[Round "7.72"]
[White "Hauer, Benno"]
[Black "Rennspieß, Jens"]
[Result "0-1"]
[WhiteElo "1733"]
[BlackElo "1839"]
[PlyCount "50"]
[EventDate "2024.08.10"]
[WhiteTeam "SVG Saarbrücken 1970 e.V."]
[BlackTeam "SV Berolina Mitte e.V."]

1. e4 c6 2. d4 d5 3. f3 Qb6 4. c4 dxc4 5. Bxc4 e6 6. Nc3 Nf6 7. Nge2 Be7 8. O-O
Qd8 9. d5 exd5 10. exd5 O-O 11. Kh1 cxd5 12. Nxd5 Nxd5 13. Bxd5 Nd7 14. Bf4 Nf6
15. Bb3 Bf5 16. Rc1 Rc8 17. Ng3 Bg6 18. Re1 Bb4 19. Re2 h6 20. a3 Rxc1 21. Qxc1
Bd6 22. Bxd6 Qxd6 23. Rd2 Qb6 24. Qd1 Re8 25. Rd6 Qxb3 0-1